Japanese language ,gender and ideology (Record no. 1319255)

MARC details
000 -LEADER
fixed length control field 00625nam a2200205Ia 4500
005 - DATE AND TIME OF LATEST TRANSACTION
control field 20250507130349.0
008 - FIXED-LENGTH DATA ELEMENTS--GENERAL INFORMATION
fixed length control field 008 250505s9999 xx 000 0 eng d
020 ## - INTERNATIONAL STANDARD BOOK NUMBER
International Standard Book Number 1920385055503
037 ## - SOURCE OF ACQUISITION
Stock number Annuals, Advances
040 ## - CATALOGING SOURCE
Original cataloging agency EASL
Language of cataloging eng
Transcribing agency EASL
041 ## - LANGUAGE CODE
Language code of text/sound track or separate title eng
Source of code eng
084 ## - COLON CLASSIFICATION NUMBER
Classification number Y15OaP42, P4
Assigning agency EASL
100 ## - MAIN ENTRY--PERSONAL NAME
Personal name Okamoto Shigeko Ed.
9 (RLIN) 665332
245 #0 - TITLE STATEMENT
Title Japanese language ,gender and ideology
260 ## - PUBLICATION, DISTRIBUTION, ETC.
Place of publication, distribution, etc. UK
Name of publisher, distributor, etc. Oxford Oxford Univesity press
Date of publication, distribution, etc. 2004
300 ## - PHYSICAL DESCRIPTION
Extent 300p.
700 ## - ADDED ENTRY--PERSONAL NAME
Personal name Smith Janet S. Shibamoto Ed.
9 (RLIN) 665333
942 ## - ADDED ENTRY ELEMENTS (KOHA)
Koha item type Textual
Classification part Y15OaP42, P4

No items available.

Copyright @ Delhi University Library System